00737nam a2200217 i 450000100060000000300090000600500170001500700030003200800410003510000200007624501580009625000150025426000340026930000280030349000250033165000420035670000400039870000220043883000250046085200340048534249ES-MaACL20251006165627.0t|030204s1983 sp ||||1| spa d1 aBohigas, Oriol.10aReseña y catálogo de la arquitectura modernista / cOriol Bohigas ; ampliación y revisión del catálogo por Antoni González y Raquel Lacuesta. a[3ª ed.]. aBarcelona : bLumen, c[1983] a2 v. : bil. ; c19 cm.1 aPalabra en el tiempo 4aArquitectura modernista-zCataluña.1 aGonzález i Moreno-Navarro, Antoni1 aLacuesta, Raquel.0 aPalabra en el tiempo aES-MaACLjL-6271-2 bR.107043